|
|
|
|
| LEADER |
00000nam a2200000 a 4500 |
| 001 |
vtls008629962 |
| 003 |
SK-MaSNL |
| 005 |
20260425222713.0 |
| 008 |
060309s2005 xo o g c 000 0dslo |
| 015 |
|
|
|a SNBE2011/03-02071
|
| 020 |
|
|
|a 8080733635 (brož.)
|
| 040 |
|
|
|a SNK
|b slo
|c SNK
|e AACR2
|
| 041 |
0 |
|
|a slo
|a pol
|
| 043 |
|
|
|a e-xo---
|a e-pl---
|
| 044 |
|
|
|a xo
|c SK
|
| 072 |
|
7 |
|a 72/76
|x Výtvarné umenie
|2 konspekt
|
| 080 |
|
|
|a 72/76
|2 2001
|
| 080 |
|
|
|a (437.6)
|2 2001
|
| 080 |
|
|
|a (438)
|2 2001
|
| 080 |
|
|
|a (083.824)
|2 2001
|
| 111 |
2 |
|
|a Eury Art
|n (3. :
|d 2005 :
|c Košice, Slovensko)
|9 116012
|
| 245 |
1 |
0 |
|a Eury Art 2005
|b [III.] medzinárodný workshop Poľského klubu - Košice
|c [kurátor a organizátor workshopu, výstav a katalógu Tadeus Z. Bloński]
|
| 250 |
|
|
|a [1. vyd.]
|
| 260 |
|
|
|a Košice
|b Poľský klub - Spolok Poliakov a ich priateľov na Slovensku - Región Košice
|c 2005
|
| 300 |
|
|
|a [16] s.
|b fareb. fotogr.
|c 29 cm
|
| 500 |
|
|
|a Súbež. podnázov poľ.
|
| 504 |
|
|
|a Biogr. údaje
|
| 648 |
|
7 |
|a 20.-21. stor.
|2 SNKPH
|9 270701
|
| 650 |
0 |
7 |
|a výtvarné umenie
|2 SNKPH
|9 723
|
| 651 |
|
7 |
|a Slovensko
|2 SNKPH
|9 14231
|
| 651 |
|
7 |
|a Poľsko
|2 SNKPH
|9 16755
|
| 655 |
|
7 |
|a katalógy výstav
|2 SNKPH
|9 70445
|
| 700 |
1 |
|
|a Błoński, Tadeusz,
|d 1947-
|4 aut
|4 cur
|9 102044
|
| 710 |
2 |
|
|a Spolok Poliakov a ich priateľov na Slovensku
|4 ukb
|9 310821
|
| 919 |
|
|
|a 80-8073-363-5
|
| 999 |
|
|
|c 565665
|d 567595
|
| 952 |
|
|
|a SNK
|b SNK
|y PREZ
|7 0
|p 17A0501280
|o snkOSB 14497
|i snk2006/5208
|8 0
|0 0
|1 0
|4 0
|d 2006-03-09
|l 0
|r 2026-02-23 13:56:48
|w 2026-02-23
|
| 952 |
|
|
|a SNK
|b SNK
|y VYP
|7 0
|p 17A0501281
|o snkOSB 14497 D1
|i snk2006/5209
|8 0
|0 0
|1 0
|4 0
|d 2006-03-09
|l 0
|r 2026-02-23 13:56:48
|w 2026-02-23
|